Nezávislá India povýšila Maháthmu Gándhího na svätca svet si pripomenul polstoročie od smrti veľkého bojovníka za slobodu ...

Bibliographic Details
Main Author: Jánošík, Peter, 1946- (Author)
Format: Article
Language:Slovak
PhysicalDescription:Fotogr.
Subjects:

MARC

LEADER 00000nab a2200000 a 4500
001 vtls000649943
003 SK-MaSNL
005 20260303165126.0
008 160321c1998 xo 0 slo
015 |a SNBRA1998/02-03378 
035 |a CLN000002138 
040 |a SNKBUCL  |b slo  |c SNKBUCL  |e AACR2 
041 0 |a slo 
044 |a xo  |c SK 
080 |a 32-051  |2 UDC-MRF-SK2 
080 |a 929 Gándhí, Móhandás Karamčand  |2 UDC-MRF-SK2 
100 1 |a Jánošík, Peter,  |d 1946-  |4 aut  |9 103874 
245 1 0 |a Nezávislá India povýšila Maháthmu Gándhího na svätca  |b svet si pripomenul polstoročie od smrti veľkého bojovníka za slobodu ...  |c Peter Jánošík 
300 |b Fotogr. 
600 1 7 |a Gándhí, Mahátma,  |d 1869-1948  |2 snkbucl  |9 222552 
655 7 |a články z novín a časopisov  |2 snkbucl  |2 snkbucl  |9 267496 
773 0 |t Slovenská republika  |g Roč. 6, č. 28 (4.2.1998), s. 8-9 
850 |a Slovenská národná knižnica v Martine 
852 |a SNK  |b KIS3GCP 
958 |a BC 
999 |c 2069920  |d 2071850